Türkiye'nin kalbi Ankara'da (Record no. 7879)

MARC details
000 -BAŞLIK
Sabit Uzunlukta Kontrol Alanı 00679na a2200217 4500
001 - KONTROL NUMARASI
Denetim Alanı 22395
003 - KONTROL NUMARASI IDENTIFIER
Denetim Alanı MIRAKIL
005 - SON İŞLEM TARİHİ VE ZAMANI
Denetim Alanı 20181213155152.0
008 - SABİT-BOY VERİ ELEMANLARI - GENEL BİLGİLER
Sabit Uzunlukta Kontrol Alanı 170213b tu 000 0
035 ## - SİSTEM KONTROL NUMARASI
Sistem Kontrol Numarası 15992
040 ## - KATALOGLAMA KAYNAK
Orijinal Kataloglama Ajansı Milas
Kataloglama Dili tur
Metne Dönüştürmek Ajansı TR-AnCHP
090 ## - SINIFLAMA NUMARASI
Sınıflama Numarası SHP 23
245 ## - BAŞLIK TABLOSU
Başlık Türkiye'nin kalbi Ankara'da
Başlığın Kalan SHP'nin nabzı Ankara alabaş sokak 5 numarada yatıyor
Sorumluluk Tablosu, Vb Sosyaldemokrat Halkçı Parti
260 ## - YAYIN, DAĞITIM, VB
Yayın, Dağıtım, Vb Yeri [Ankara]
Yayıncı, Dağıtıcı, Vs Adı [SHP]
Yayın, Dağıtım, Vb Tarihi [t.y.]
Üretici Firma Doğruluk matbaası
300 ## - FİZİKSEL TANIM
Kapsam 15 s.
Diğer Fiziksel Ayrıntıları res.; hrt.
Boyutlar 18 sm.
610 ## - KONU KATMA GİRİŞ - TOPLANTI ADI
Giriş Elemanı Olarak Kurumsal Ad Veya Yargı Alanı Adı SHP
Genel Alt Bölüm Propaganda ve ideolojiler
610 ## - KONU KATMA GİRİŞ - TOPLANTI ADI
Giriş Elemanı Olarak Kurumsal Ad Veya Yargı Alanı Adı SHP
Genel Alt Bölüm Merkez binası
-- Tanıtım
651 ## - KONU KATMA GİRİŞ - COĞRAFİ ADI
Coğrafi İsim Türkiye
Genel Alt Bölümü Siyaset ve yönetim
942 ## - EKLENDİ GİRİŞ ELEMANLARI (KOHA)
Sınıflandırma Veya Raf Düzeni Kaynak
Koha Öğesi Türü Books
999 ## - SİSTEM KONTROL NUMARALARI (KOHA)
Koha Biblionumber 7879
Koha Biblioitemnumber 7879
Holdings
Kullanım Kısıtlamaları Kalıcı Konum Mevcut Konum Edinme Tarihi Edinim Kaynak Kodlu Konum Eleme Toplam Check-Out'Lar Tam Çağrı Numarası Barkod Tarih Son Görülme Kopya Sayısı İtibaren Geçerli Fiyatlar Koha Öğesi Türü
Kütüphane dışına çıkarılamaz CHP Kütüphanesi CHP Kütüphanesi 02/13/2017 Bağış SHP 23   SHP 23 014220 02/13/2017 k.4 02/13/2017 Books